Diccionario francés-español, español-francés

Guardat en:
Dades bibliogràfiques
Format: Llibre
Idioma:espanyol
francès
Publicat: Madrid Cultural 1998
Matèries:
Etiquetes: Afegir etiqueta
Sense etiquetes, Sigues el primer a etiquetar aquest registre!

MARC

LEADER 00000nam a2200000 a 4500
001 UCL1588
003 CL-VaPUC
008 030911e19980000SP |||||||||||||||||spa|d
020 |a 8480552131 
041 0 7 |a spa  |2 CL-VaPUC 
041 0 7 |a fre  |2 CL-VaPUC 
082 0 4 |a 443.61  |b DIC  |2 21 
245 1 0 |a Diccionario francés-español, español-francés 
300 |a pág. irreg 
942 |c BK 
945 |d 20030911 00:00:00  |a cmena 
260 |a Madrid  |b Cultural  |c 1998 
650 0 |a Español  |9 255372 
650 7 |a FRANCES  |2 CL-VaPUC  |9 259059 
650 0 |a Diccionarios  |9 256200 
583 |a last modification  |c 20030911 00:00:00  |k Rodrigo Vera 
999 |c 305086  |d 305084 
952 |0 0  |1 0  |4 0  |6 443_610000000000000_DIC_1998  |7 0  |8 F  |9 368045  |a BIBMEC  |b BIBMEC  |d 2019-11-21  |i 3938395  |o 443.61 DIC 1998  |p 3938395  |r 2024-01-19  |w 2019-11-21  |y BK_F  |k MEC